La teoría

Saved in:
Bibliografiske detaljer
Format: Bog
Sprog:spansk
Udgivet: Barcelona Anagrama 1971
Udgivelse:1a. ed
Fag:
Tags: Tilføj Tag
Ingen Tags, Vær først til at tagge denne postø!

MARC

LEADER 00000nam a2200000 a 4500
001 UCI0274
003 CL-VaPUC
008 070504e19710000SP |||||||||||||||||spa|d
082 0 4 |a 808.856  |b TEO  |2 21 
245 1 3 |a La teoría 
250 |a 1a. ed 
300 |a p 
942 |c BK 
945 |d 20070504 00:00:00  |a jtorresc 
260 |a Barcelona  |b Anagrama  |c 1971 
650 7 |a HUMANIDAD  |2 CL-VaPUC  |9 309969 
583 |a last modification  |c 20130304 04:48:57  |k Rodrigo Vera 
999 |c 325512  |d 325510 
952 |0 0  |1 0  |4 0  |6 808_856000000000000_TEO_1971  |7 0  |8 A  |9 406492  |a FDOPOS  |b FDOPOS  |d 2019-11-22  |i 4269551  |o 808.856 TEO 1971  |p 4269551  |r 2025-01-22  |w 2019-11-22  |y BK  |k MLA